Leadership communication (Бичлэгийн дугаар. 146079)
| 000 -УДИРДЛАГА | |
|---|---|
| Удирдлага | 01845nam a22003257a 4500 |
| 003 - ХЯНАЛТЫН ТОО ТОДОРХОЙЛОГЧ | |
| Код | MN-UlNUM |
| 005 - БИЧИЛТ ХИЙСЭН ОГНОО | |
| Тухайн бичилтийг бичсэн засварласан сүүлийн огноо | 20260104142349.0 |
| 008 - ЕРӨНХИЙ МЭДЭЭЛЭЛ | |
| Ерөнхий мэдээлэл | 130205s2008 maua|||| |||| 001 | eng d |
| 020 ## - ISBN | |
| ISBN | 9780071259149 |
| -- | 0071259147 |
| 040 ## - БИЧЛЭГ ҮҮСГЭГЧ БАЙГУУЛЛАГА | |
| Бичлэг үүсгэгч номын сангийн код | МУИС-ийн номын сан |
| 084 ## - ББК АНГИЛАЛ | |
| Нэмэлт тусгалт | Сурах бичиг |
| ББК ангилал | 65.290-2 |
| Зохиогчийн гурван тэмдэгт | B 26 |
| Мэдлэгийн ялгаа | 65 - Эдийн засаг |
| 100 1# - ЗОХИОГЧ | |
| Зохиогчийн нэр | Barrett, Deborah J. |
| 245 10 - ҮНДСЭН ГАРЧИГ | |
| Номын нэр | Leadership communication |
| Бага гарчгийн мэдээ | International edition |
| 250 ## - ДАХИН ХЭВЛЭЛТ | |
| Дахин гаралтын дугаар | 2nd ed. |
| 260 ## - ГАРАЛТЫН МЭДЭЭ | |
| Хэвлэгдсэн газар | Singapore |
| Хэвлэлийн газар | McGraw-Hill/Irwin |
| Хэвлэгдсэн он | 2008 |
| 300 ## - МАТЕРИАЛЫН ТОДОРХОЙЛОЛТ | |
| хуудасны тоо | xvi, 395 p. : |
| Бусад тоон мэдээлэл | ill. (some col.) ; |
| Хэмжээ | 24 cm |
| 500 ## - Тайлбар | |
| Дансны дугаар | БС 5996 |
| 505 ## - Агуулгын тэмдэглэгээ | |
| Агуулгын тэмдэглэгээ | Leadership Communication was well received by students and instructors, and the second edition builds on that momentum. It continues to help current and potential managers become effective leaders by being better communicators. It brings together managerial communication and concepts of emotional intelligence to create a new model of communication skills and strategies for corporate leaders. It begins with chapters on the core communication skills of developing strategy, analyzing an audience, writing in all types of business genres, and designing and delivering effective PowerPoint presentations – all from a leadership perspective. Then, it takes students through chapters on emotional intelligence, cultural literacy, meeting management, and team leadership, before concluding with chapters on internal and external organizational communication. |
| 546 ## - ХЭЛНИЙ ТУХАЙ МЭДЭЭ | |
| Хэл | Англи хэл дээр, |
| 653 ## - Түлхүүр үг | |
| Түлхүүр үг | communication in management |
| 653 ## - Түлхүүр үг | |
| Түлхүүр үг | communication in organizations |
| 653 ## - Түлхүүр үг | |
| Түлхүүр үг | business communication |
| 653 ## - Түлхүүр үг | |
| Түлхүүр үг | leadership |
| 740 ## - НОМЫН ГАРЧИГ | |
| Гарчиг | Core Leadership Communication |
| 740 ## - НОМЫН ГАРЧИГ | |
| Гарчиг | Managerial Leadership Communication |
| 740 ## - НОМЫН ГАРЧИГ | |
| Гарчиг | Corporate Leadership Communication |
| 942 ## - ЭЛЕМЕНТИЙН ТӨРӨЛ | |
| Зүйлийн төрөл | Ном |
